Great clarity (Record no. 77742)
[ view plain ]
| 000 -LEADER | |
|---|---|
| fixed length control field | 01360nam a22003494a 4500 |
| 082 04 - DEWEY DECIMAL CLASSIFICATION NUMBER | |
| Classification number | 299.5/14/0931 |
| 100 1# - MAIN ENTRY--AUTHOR NAME | |
| Personal name | Pregadio, Fabrizio. |
| 245 10 - TITLE STATEMENT | |
| Title | Great clarity |
| 260 ## - PUBLICATION, DISTRIBUTION, ETC. (IMPRINT) | |
| Place of publication | Stanford, Calif. : |
| Name of publisher | Stanford University Press, |
| Year of publication | c2006. |
| 300 ## - PHYSICAL DESCRIPTION | |
| Number of Pages | xvii, 367 p. : |
| Other physical details | ill. |
| 490 1# - SERIES STATEMENT | |
| Series statement | Asian religions & cultures |
| 650 #0 - SUBJECT ADDED ENTRY--TOPICAL TERM | |
| Topical Term | Taoism |
| Topical Term | Alchemy |
| 856 40 - ELECTRONIC LOCATION AND ACCESS | |
| Uniform Resource Identifier | http://site.ebrary.com/lib/rucke/Doc?id=10130874 |
No items available.
